Da Vinciho kód /
Uložené v:
| Hlavný autor: | |
|---|---|
| Ďalší autori: | |
| Médium: | Kniha |
| Jazyk: | Slovak English |
| Vydané: |
Bratislava :
Slovart,
2003.
|
| Vydanie: | [1. vyd.] |
| Témy: | |
| ISBN: |
8071458481 (viaz.) |
| Fyzický popis: |
463 s. ; 22 cm. |
| Tagy: |
Pridať tag
Žiadne tagy, Buďte prvý kto otaguje tento záznam!
|
Titul je dostupný aj v ... 

MARC
| LEADER | 00000nam a2200000 a 4500 | ||
|---|---|---|---|
| 001 | 000000691 | ||
| 005 | 20260324122550.0 | ||
| 008 | 040319s2003 xo e 000 1 sloo | ||
| FMT | |||
| 020 | |a 8071458481 (viaz.) | ||
| 040 | |a SVKKK |b slo |c SVKKK |e AACR2 | ||
| 041 | 1 | |a slo |h eng | |
| 044 | |a xo |c SK | ||
| 072 | 7 | |a 821.111(73)-3 |x Americká próza |2 konspekt | |
| 080 | |a 821.111(73)-31 |2 1997 | ||
| 080 | |a (0:82-31) |2 1997 | ||
| 100 | 1 | |a Brown, Dan, |d 1964- |4 aut | |
| 240 | 1 | 4 | |a The Da Vinci code. |l Slovensky |
| 245 | 1 | 0 | |a Da Vinciho kód / |c Dan Brown ; [z anglického originálu preložil Oto Havrila]. |
| 250 | |a [1. vyd.] | ||
| 260 | |a Bratislava : |b Slovart, |c 2003. | ||
| 300 | |a 463 s. ; |c 22 cm. | ||
| 655 | 7 | |a americké romány |2 SVKKKPH | |
| 700 | 1 | |a Havrila, Oto |4 trl | |
| 910 | |a svkkk | ||
| 919 | |a 80-7145-848-1 | ||
| 998 | |a BK | ||
| OWN | |||
| Z30 | 1 | |l SCK01 |l SCK01 |m BOOK |1 SCKHL |2 SK14 |b Sklad Pribinova prízemie |3 IV.190328 |6 960130 |q 20040319 |5 2720021159 |8 20040319 |g EMPTYKNIHA |f 20 |s Povinný výt. |g 000000748 |h SCKHL |z 250.00 |t 20250121 |u 1348 |w 000000691 |x 000010 |r D |r 005 | |
| a02 | 0 | |a 8071458481 (viaz.) | |
| 090 | |g SCKHL |k Sklad Pribinova prízemie |a IV.190328 |j 960130 |i 2720021159 |s Povinný výt. |r 005 | ||